000 01296nam a2200337Ia 4500
001 ebr10053686
003 CaPaEBR
006 m u
007 cr cn|||||||||
008 040226s2003 ne sb 001 0 eng d
010 _z 54492357
020 _z905356585X
040 _aCaPaEBR
_cCaPaEBR
035 _a(OCoLC)54430546
041 1 _aeng
_hdut
050 1 4 _aBH39
_b.D65513 2003eb
100 1 _aDoorman, Maarten.
240 1 0 _aSteeds mooier.
_lEnglish
245 1 0 _aArt in progress
_h[electronic resource] :
_ba philosophical response to the end of the avant-garde /
_cby Maarten Doorman ; translated from the Dutch by Sherry Marx.
260 _aAmsterdam :
_bAmsterdam University Press,
_c2003.
300 _ai, 182 p.
504 _aIncludes bibliographical references and index.
533 _aElectronic reproduction.
_bPalo Alto, Calif. :
_cebrary,
_d2009.
_nAvailable via World Wide Web.
_nAccess may be limited to ebrary affiliated libraries.
650 0 _aAesthetics.
650 0 _aProgress.
650 0 _aAvant-garde (Aesthetics)
655 7 _aElectronic books.
_2local
700 1 _aMarx, Sherry.
710 2 _aebrary, Inc.
856 4 0 _uhttp://site.ebrary.com/lib/rucke/Doc?id=10053686
_zAn electronic book accessible through the World Wide Web; click to view
999 _c64497
_d64497